000 00725nam a22001815i 4500
001 158070
003 ES-MaACL
005 20250907063121.0
008 960320s1866 sp |||| | spa d
040 _aGA
_bspa
_cCCPB | SIC
100 1 _aLópez Seoane, Víctor,
_d1834-1900
_9129059
245 1 0 _aReseña de la historia natural de Galicia /
_cpor Don Victor Lopez Seoane...
260 _aLugo :
_b[s.n.],
_c1866 (
_fImprenta de Soto Freire)
300 _a66 p. ;
_c23 cm.
650 4 _aNaturaleza-
_zGalicia.
_9151229
852 _aES-MaACL
_jT-186-F-1
_z-- Enc. hol.
_z-- Dedicatoria ms. del autor al Ateneo de Madrid, 1867
_q-- Falto de la cub. original
_z-- Enc. en un vol. facticio
999 _c158070
_d158070